000 00464nam a2200181Ia 4500
008 131103s9999 xx 000 0 und d
040 _aLoreto College
041 _aEnglish
082 _a740/KEN
_bLCBED/8036
245 _aWorld-famous painting
_cedited by Rockwell Kent
260 _aNew York
_bWise
_c1939
300 _a pic.
_c 27cm.
504 _aIncludes index
650 _aArt
700 _aKent, Rockwell;ed.
850 _aLCBED/740/KEN
942 _cBK
999 _c30150
_d80629